000 00505nam a2200181Ia 4500
005 20250508160124.0
008 008 250505s9999 xx 000 0 eng d
037 _aTextual
040 _aFEDL
_beng
_cFEDL
041 _aeng
_2eng
084 _aB, GAN
_qFEDL
100 _aBhattacharya Bhabani
245 0 _aGandhi the writer: The image as it grew
260 _aNew Delhi, India
_bNational Book Trust
_c1969
300 _aviii,328p.
942 _cTEXL
_hB, GAN
999 _c1361896
_d1361896